00421nam a2200121Ia 4500008004100000020001800041100001700059245003200076260004000108300001400148999001900162952011800181171205s9999 xx 000 0 und d a9780753731062 aThomas, Paul aDrawing a foundation course bOctopus Publishing Group Ltd.c2003 a144 pages c347394d347394 001040aCLbCLcRESd2017-12-05eLibrary Fundl0oNC 730 .T454 2003pc21035r2018-05-15 00:00:00w2017-12-05yBK